000 01084aam a2200289 i 4500
999 _c68093
_d68093
003 Mx-PuUPA
005 20220302075455.0
008 190422s2010 flua||||r|||| 00| 0 eng d
020 _a9781439802960
040 _aMx-PuUPA
_bspa
_cMx-PuUPA
_dMx-PuUPA
_erda
041 0 _aeng
245 0 4 _aThe metabolic pathway engineering handbook :
_bfundamentals /
_cedited by Christina D. Smolke
250 _a1st edition
264 1 _aBoca Raton, FL :
_bCRC Press Taylor & Francis Group,
_c©2010
300 _a1 volumen (paginación varía) :
_bilustraciones ;
_c26 cm.
336 _2rdacontent
_atexto
_btxt
337 _2rdamedia
_asin medio
_bn
338 _2rdacarrier
_avolumen
_bnc
650 4 _aIngeniería genética
_xMétodos
650 4 _aBiotecnología
_xMétodos
650 4 _aProductos biológicos
_xMetabolismo
700 1 _aSmolke, Christina D.,
_eeditor
_99183
942 _2ddc
_cLI
_h660.65
_iM587